000 01325nam a2200409 i 4500
001 37297
003 KOSZ 005
005 20221201084527.0
008 010208s2000 pl a |000 0 pol
015 _aPB 2001/2942
020 _a8387493163
040 _aWA N
_cWA N
_dKOSZ 005/HR
041 0 _apol
046 _k2000
080 _a331.1
080 _a005
100 1 _aMikuła, Bogusz
_d(1966- )
_eAutor
245 1 0 _aCzłowiek a organizacja :
_bhumanizm w koncepcjach i metodach organizacji i zarządzania XX wieku /
_cBogusz Mikuła.
260 _aKraków ;
_aKluczbork :
_b"Antykwa",
_c2000.
300 _a348 s. :
_bil. ;
_c25 cm.
336 _2rdacontent
_aTekst
_btxt
337 _2rdamedia
_aBez urządzenia pośredniczącego
_bn
338 _2rdacarrier
_aWolumin
_bnc
380 _aKsiążki
388 _a1901-2000
388 _a1989-2000
490 1 _aOrganizacja i Zarządzanie.
504 _aBibliogr.
650 4 _aHumanizacja pracy.
650 4 _aOrganizacja pracy
650 4 _aZarządzanie
658 _aZarządzanie i marketing
710 2 _aWydawnictwo Antykwa
830 0 _aOrganizacja i Zarządzanie
856 _uhttp://koha.tu.koszalin.pl/cgi-bin/koha/opac-detail.pl?biblionumber=37297
_yKatalog online BPK
942 _2UKD
_cKS
999 _c37297
_d37297